| 000 | 01622nam0a2200361 4500 | ||
|---|---|---|---|
| 001 | RU\NLR\BIBL_A\022643606 | ||
| 005 | 20260408231705.0 | ||
| 010 |
_a978-5-507-50523-4 _930 |
||
| 035 | _a(NLR Aleph) 022643606 | ||
| 090 |
_a13509846 _c13509846 |
||
| 100 | _a20251014d2025 u y0rusy50 ca | ||
| 101 | 0 | _arus | |
| 102 | _aRU | ||
| 105 | _aa j 001yy | ||
| 181 | 0 |
_ai3 _baxxe |
|
| 182 | 0 | _an | |
| 200 | 1 |
_aХимическая технология фармацевтических субстанций _eучебное пособие _fА. А. Иозеп, Б. В. Пассет, В. Я. Самаренко, О. Б. Щенникова |
|
| 203 |
_aТекст _bвизуальный _cнепосредственный |
||
| 205 | _aИзд. 4-е, стер. | ||
| 210 |
_aСанкт-Петербург [и др.] _cЛань _d2025 |
||
| 215 |
_a383 с. _cил. _d21 |
||
| 225 | 1 | _aВысшее образование | |
| 320 | _aУказ.: с. 377-378 | ||
| 606 |
_aФармацевтические препараты органические _xПроизводство _jУчебные издания для высших учебных заведений _3RU\NLR\AUTH\6601764191 _92691173 |
||
| 686 | 1 | _aЛ662я73-1 | |
| 701 | 1 |
_aИозеп _bА. А. _gАнатолий Альбертович |
|
| 701 | 1 |
_aПассет _bБ. В. _gБорис Викторович |
|
| 701 | 1 |
_aСамаренко _bВ. Я. _gВалентин Яковлевич |
|
| 701 | 1 |
_aЩенникова _bО. Б. _gОльга Борисовна |
|
| 942 | _cBOOK | ||
| 980 | _aNB | ||